Responses for Show #1530 - Friday, April 5, 1991

Contestants

[<< previous game]

Ken Wells, a medical student originally from Woburn, Massachusetts

Richard Shildt, an elementary school principal from Cyclone, Pennsylvania

Bill Holzapfel, a sales representative from Montclair, New Jersey (whose 1-day cash winnings total $9,401)

[next game >>]

Jeopardy! Round responses

LAKES & RIVERS
TELEVISION
SPIDERS
BIBLICAL PHRASES
GAMES
"F" IN HOME EC
    $100 1
the Danube

Bill
    $100 4
Hill Street Blues

Richard
    $100 7
a black widow spider

Richard
    $100 12
few are chosen

Ken
    $100 16
Yahtzee

Bill
    $100 13
finger

Bill
    $200 2
Italy

Bill
    $200 14
(Bill: What is Tuesday?)
[ERRATUM: According to the 1964-11-20 episode of The Addams Family, "[*] Leaves Home", her middle name is Friday, not Thursday.
A 1995 Guinness Television Encyclopedia gives the Thursday name, but the source of this factoid is unclear.]

Wednesday

Bill
Triple Stumper
    $200 8
tarantulas

Richard
    $200 24
filthy lucre

Richard
    $200 19
7 or 11

Bill
    $200 23
(Ken: What is, uh, dry freezing?)
(Bill: What is dehydrating?)

freeze drying

BillRichardKen
    $300 3
South America

Ken
    $300 15
Joan Lunden

Ken
    $300 9
eight

Ken
    $2,600 25
the blind leading the blind

Richard
    $300 20
by tugging on your ear

Bill
    $300 27
flaky

Bill
    $400 5
(Bill: What is the Colorado?)

the Columbia

BillRichard
    $400 17
the Walkers

Bill
    $400 10
crabs

Bill
    $400 26
[NOTE: Ken pluralized the first word.]

sackcloth and ashes

Ken
    $400 21
cribbage

Richard
    $400 28
fiber

Bill
    $500 6
(Bill: What is the Black Sea?)

the Caspian Sea

BillRichard
    $500 18
Carl Betz

Triple Stumper
    $500 11
wasps

Richard
    $500 30
being holier than thou

Bill
    $500 22
mahjong

Bill
    $500 29
(Bill: What is fleece?)

flocked

Bill
Triple Stumper

Scores at the first commercial break (after clue 16):

Bill Richard Ken
-$200 $1,800 $1,000

Scores at the end of the Jeopardy! Round:

Bill Richard Ken
$1,700 $5,200 $1,200

Double Jeopardy! Round responses

MILITARY LEADERS
NOVELS & NOVELISTS
HOLIDAYS & OBSERVANCES
VERMONT
ART
-OLOGIES
    $200 2
Lord Nelson

Bill
    $200 26
The Four Horsemen of the Apocalypse

Bill
    $200 11
April 1st

Bill
    $200 17
granite

Bill
    $200 1
a haystack

Richard
    $200 16
Scientology

Bill
    $400 3
Rommel

Richard
    $400 27
Once

Bill
    $400 12
Reformed

Ken
    $400 18
Montpelier

Bill
    $400 5
(Richard: Who is Guthrie?)

Andy Warhol

RichardKen
    $400 22
psychology

Bill
    $600 4
Moshe Dayan

Ken
    $3,000 28
Texas

Bill
    $600 13
(Ken: What is Groundhog's Day?)

Groundhog Day

Ken
    $600 19
the Green Mountain Boys

Bill
    $600 6
Sir Joshua Reynolds

Triple Stumper
    $600 23
seismology

Bill
    $800 9
MacArthur

Richard
    $800 29
Jack London

Triple Stumper
    $2,200 14
1621

Ken
    $800 20
Calvin Coolidge (or Chester A. Arthur)

Ken
    $800 7
kabuki

Bill
    $800 24
cosmology

Richard
    $1000 10
Hannibal

Richard
    $1000 30
Harold Robbins

Bill
    $1000 15
Pentecost

Richard
    $1000 21
Bennington

Bill
    $1000 8
round

Triple Stumper
    $1000 25
(Ken: What is histology?)
(Bill: What is microbiology?)

cytology

BillKen
Triple Stumper

Scores at the end of the Double Jeopardy! Round:

Bill Richard Ken
$9,900 $9,000 $5,200

[wagering suggestions for these scores]

Final Jeopardy! Round responses

FILMS OF THE '40s
(Alex: If I gave you the titles: Pinocchio...)
[Laughter]
(Alex: Fantasia, Bambi, Song of the South, constantly being re-released by the [*] Corporation.
KenWhat is MGM
$3,801
RichardWhat is Paramount
$1,500
BillWhat is Universal
$9,000
Disney

Final scores:

Bill Richard Ken
$900 $7,500 $1,399
3rd place: Joyce Chen cooking supplies & Nintendo Entertainment System with Wheel of Fortune, Jeopardy! & Fisher Price preschool games + Wheel of Fortune for Game Boy New champion: $7,500 2nd place: trip on Delta to Puerta Vallarta, Mexico & stay at Villa Del Palmar

Game dynamics:

Coryat scores:

Bill Richard Ken
$7,500 $6,700 $3,800
26 R
(including 1 DD),
6 W
16 R
(including 1 DD),
1 W
11 R
(including 1 DD),
2 W

Combined Coryat: $18,000

[game clues] [game scores] [suggest correction]

Game tape date: 1991-02-11
The J! Archive is created by fans, for fans. Scraping, republication, monetization, and malicious use prohibited; this site may use cookies and collect identifying information. See terms. The Jeopardy! game show and all elements thereof, including but not limited to copyright and trademark thereto, are the property of Jeopardy Productions, Inc. and are protected under law. This website is not affiliated with, sponsored by, or operated by Jeopardy Productions, Inc. Join the discussion at JBoard.tv.